Dakshina Bharat Ke Mandir (Record no. 204935)

MARC details
000 -LEADER
fixed length control field 00454nam a2200193Ia 4500
008 - FIXED-LENGTH DATA ELEMENTS--GENERAL INFORMATION
fixed length control field 240823s9999||||xx |||||||||||||| ||und||
020 ## - INTERNATIONAL STANDARD BOOK NUMBER
International Standard Book Number 978-81-237-1867-5
082 ## - DEWEY DECIMAL CLASSIFICATION NUMBER
-- 726.1409548 Q1
100 ## - MAIN ENTRY--PERSONAL NAME
Personal name Srinivasan K R
245 #0 - TITLE STATEMENT
Title Dakshina Bharat Ke Mandir
250 ## - EDITION STATEMENT
Edition statement 1st
260 ## - PUBLICATION, DISTRIBUTION, ETC. (IMPRINT)
Date of publication, distribution, etc 2011
Name of publisher, distributor, etc National Book Trust
500 ## - GENERAL NOTE
General note YES
650 ## - SUBJECT ADDED ENTRY--TOPICAL TERM
Topical term or geographic name as entry element Temples
942 ## - ADDED ENTRY ELEMENTS (KOHA)
Item type Books
Holdings
Withdrawn status Lost status Damaged status Permanent location Current location Date acquired Cost, normal purchase price Full call number Barcode Date last seen Koha item type
      CENTRAL LIBRARY, NOORUL ISLAM CENTRE FOR HIGHER EDUCATION CENTRAL LIBRARY, NOORUL ISLAM CENTRE FOR HIGHER EDUCATION 05/20/2014 85.00 726.1409548 Q1 55702 08/23/2024 Books
Visitors:
Copyright © 2024 Central Library NICHE.  All rights reserved.